<?xml version="1.0" encoding="UTF-8"?><?xml-stylesheet type="text/xsl" href="static/style.xsl"?><OAI-PMH xmlns="http://www.openarchives.org/OAI/2.0/" xmlns:xsi="http://www.w3.org/2001/XMLSchema-instance" xsi:schemaLocation="http://www.openarchives.org/OAI/2.0/ http://www.openarchives.org/OAI/2.0/OAI-PMH.xsd"><responseDate>2026-04-17T01:05:56Z</responseDate><request verb="GetRecord" identifier="oai:www.recercat.cat:11351/13407" metadataPrefix="marc">https://recercat.cat/oai/request</request><GetRecord><record><header><identifier>oai:recercat.cat:11351/13407</identifier><datestamp>2025-10-24T10:43:22Z</datestamp><setSpec>com_2072_378070</setSpec><setSpec>com_2072_378040</setSpec><setSpec>col_2072_378092</setSpec></header><metadata><record xmlns="http://www.loc.gov/MARC21/slim" xmlns:dcterms="http://purl.org/dc/terms/" xmlns:xsi="http://www.w3.org/2001/XMLSchema-instance" xmlns:doc="http://www.lyncode.com/xoai" xsi:schemaLocation="http://www.loc.gov/MARC21/slim http://www.loc.gov/standards/marcxml/schema/MARC21slim.xsd">
   <leader>00925njm 22002777a 4500</leader>
   <datafield ind2=" " ind1=" " tag="042">
      <subfield code="a">dc</subfield>
   </datafield>
   <datafield ind2=" " ind1=" " tag="720">
      <subfield code="a">GOMEZ CEREZO, JORGE FRANCISCO</subfield>
      <subfield code="e">author</subfield>
   </datafield>
   <datafield ind2=" " ind1=" " tag="720">
      <subfield code="a">Fernández-Martín, Julián</subfield>
      <subfield code="e">author</subfield>
   </datafield>
   <datafield ind2=" " ind1=" " tag="720">
      <subfield code="a">Barba Romero, Miguel Angel</subfield>
      <subfield code="e">author</subfield>
   </datafield>
   <datafield ind2=" " ind1=" " tag="720">
      <subfield code="a">Sánchez Martínez, Rosario</subfield>
      <subfield code="e">author</subfield>
   </datafield>
   <datafield ind2=" " ind1=" " tag="720">
      <subfield code="a">Hermida-Ameijeiras, Alvaro</subfield>
      <subfield code="e">author</subfield>
   </datafield>
   <datafield ind2=" " ind1=" " tag="720">
      <subfield code="a">Camprodon Gomez, Maria</subfield>
      <subfield code="e">author</subfield>
   </datafield>
   <datafield ind2=" " ind1=" " tag="260">
      <subfield code="c">2025-07-14T06:30:09Z</subfield>
   </datafield>
   <datafield ind2=" " ind1=" " tag="260">
      <subfield code="c">2025-07-14T06:30:09Z</subfield>
   </datafield>
   <datafield ind2=" " ind1=" " tag="260">
      <subfield code="c">2025-05-26</subfield>
   </datafield>
   <datafield ind2=" " ind1=" " tag="520">
      <subfield code="a">Antidrug antibodies; Enzyme replacement therapy; Immunogenicity</subfield>
   </datafield>
   <datafield ind2=" " ind1=" " tag="520">
      <subfield code="a">Anticuerpos antidrogas; Terapia de reemplazo enzimático; Inmunogenicidad</subfield>
   </datafield>
   <datafield ind2=" " ind1=" " tag="520">
      <subfield code="a">Anticossos antifàrmacs; Teràpia de reemplaçament enzimàtic; Immunogenicitat</subfield>
   </datafield>
   <datafield ind2=" " ind1=" " tag="520">
      <subfield code="a">In patients with Fabry disease (FD), treatment with enzyme replacement therapy (ERT), may trigger the formation of anti-drug antibodies (ADAs). The consequences of this immune reaction range from the transient appearance of clinically insignificant ADAs to the generation of neutralizing antibodies that negate the clinical benefit of the biotherapeutic agent, lead to side effects (such as injection site reactions), and even cause severe, life-threatening symptoms. Many factors may influence the immunogenicity of these therapeutic proteins. Currently, there are three commercially available long-term ERT treatments in patients with FD: agalsidase alfa, agalsidase beta, and more recently, pegunigalsidase alfa. Neutralizing ADAs are present in approximately 40% of male FD patients treated with ERT based on agalsidase alfa or agalsidase beta and have shown in vitro cross-reactivity with both agalsidases. Their formation seems to be irreversible, meaning that most patients with positive neutralizing ADAs remain so for up to 10 years after starting treatment. Recent studies show that in some patients, pre-existing ADAs against agalsidase alfa and agalsidase beta have lower affinity and lower inhibitory effects against pegunigalsidase alfa. Additionally, in clinical trials involving naïve patients, neutralizing antibodies were mostly transient, although further studies are needed to confirm these findings in clinical practice. The formation of ADAs is often associated with a worse clinical prognosis and a faster progression of the disease. Given the rapid progression of FD, measuring ADAs titers is essential to provide personalised treatment for each patient. This is why international recommendations highlight the importance of monitoring the existence of ADAs, their neutralising activity, and globotriaosylsphingosine (lyso-Gb3) levels in patients receiving ERT. However, several unresolved issues remain, such as the importance of ADAs levels (particularly neutralising ADAs), the standardisation of assay methods, the interpretation of results, and the implications of these findings for therapeutic strategies. Overcoming the development of ADAs is critical to improving treatment outcomes in patients with FD, different strategies have been explored to address this challenge. The present work aims to review latest developments related to all aspects mentioned above, while also analyzing the potential role of therapeutic innovations.</subfield>
   </datafield>
   <datafield ind1="8" ind2=" " tag="024">
      <subfield code="a">http://hdl.handle.net/11351/13407</subfield>
   </datafield>
   <datafield tag="653" ind2=" " ind1=" ">
      <subfield code="a">Enzims - Ús terapèutic - Efectes secundaris</subfield>
   </datafield>
   <datafield tag="653" ind2=" " ind1=" ">
      <subfield code="a">Malalties per dipòsit lisosòmic - Tractament</subfield>
   </datafield>
   <datafield tag="653" ind2=" " ind1=" ">
      <subfield code="a">Immunologia</subfield>
   </datafield>
   <datafield tag="653" ind2=" " ind1=" ">
      <subfield code="a">ANALYTICAL, DIAGNOSTIC AND THERAPEUTIC TECHNIQUES, AND EQUIPMENT::Therapeutics::Drug Therapy::Enzyme Therapy::Enzyme Replacement Therapy</subfield>
   </datafield>
   <datafield tag="653" ind2=" " ind1=" ">
      <subfield code="a">Other subheadings::Other subheadings::Other subheadings::/adverse effects</subfield>
   </datafield>
   <datafield tag="653" ind2=" " ind1=" ">
      <subfield code="a">DISEASES::Nervous System Diseases::Central Nervous System Diseases::Brain Diseases::Brain Diseases, Metabolic::Brain Diseases, Metabolic, Inborn::Lysosomal Storage Diseases, Nervous System::Sphingolipidoses::Fabry Disease</subfield>
   </datafield>
   <datafield tag="653" ind2=" " ind1=" ">
      <subfield code="a">Other subheadings::Other subheadings::Other subheadings::/immunology</subfield>
   </datafield>
   <datafield tag="653" ind2=" " ind1=" ">
      <subfield code="a">TÉCNICAS Y EQUIPOS ANALÍTICOS, DIAGNÓSTICOS Y TERAPÉUTICOS::terapéutica::farmacoterapia::terapia enzimática::tratamiento de sustitución enzimática</subfield>
   </datafield>
   <datafield tag="653" ind2=" " ind1=" ">
      <subfield code="a">Otros calificadores::Otros calificadores::Otros calificadores::/efectos adversos</subfield>
   </datafield>
   <datafield tag="653" ind2=" " ind1=" ">
      <subfield code="a">ENFERMEDADES::enfermedades del sistema nervioso::enfermedades del sistema nervioso central::enfermedades cerebrales::enfermedades cerebrales metabólicas::enfermedades cerebrales metabólicas congénitas::enfermedades por almacenamiento lisosómico del sistema nervioso::esfingolipidosis::enfermedad de Fabry</subfield>
   </datafield>
   <datafield tag="653" ind2=" " ind1=" ">
      <subfield code="a">Otros calificadores::Otros calificadores::Otros calificadores::/inmunología</subfield>
   </datafield>
   <datafield ind2="0" ind1="0" tag="245">
      <subfield code="a">Current status of the immunogenicity of enzyme replacement therapy in fabry disease</subfield>
   </datafield>
</record></metadata></record></GetRecord></OAI-PMH>